Loading...

Mathematical programming with business applications /

Bibliographic Details
Main Author: Kwak, N. K.
Format: Printed Book
Language:English
Published: McGraw-Hill : 1973.
LEADER 00442nam a2200121Ia 4500
008 150624b xxu||||| |||| 00| 0 eng d
082 |a 519.7 
100 |a Kwak, N. K. 
245 |a Mathematical programming with business applications /  |c N. K. Kwak 
260 |a McGraw-Hill :  |c 1973. 
942 |c BK 
999 |c 8496  |d 8496 
952 |0 0  |1 0  |4 0  |6 519_700000000000000_KWA_M  |7 0  |9 8495  |a UL  |b UL  |c ST1  |d 1998-09-07  |l 1  |o 519.7 KWA/M  |p 13543  |r 2013-11-20  |s 2013-09-02  |w 2012-10-27  |y BK